000 00589nam a2200205 a 4500
001 60789
005 20180714062202.0
008 140415s1981 000 0 spa d
041 _aspa
082 _a371.1
_bTRA
100 1 _aLANDSHEERE, VIVIANE DE
245 1 0 _aOBJETIVOS DE LA EDUCACION
250 _a2a ed.
260 _a[s.l.] :
_bOIKOS-TAU EDICIONES,
_c1981
300 _a316
490 _aTRATADO DE FORMACION DE PROFESORES
_v6
650 1 4 _aENSEANZA OBJETIVA
700 1 _aRODRIGUEZ MORENO, MARIA LUISA
_eprĂ³l.
700 1 _aLANDSHEERE, GILBERT DE
_ecoaut.
999 _c60789
_d60789